Makroekonomická politika a hospodářská dynamika v bývalém Československu.

Vzťah medzi makroekonomickou politikou, infláciou a dynamikou hospodárskej aktivity v priebehu prvej fázy transformácie (január 1991-júl 1992). Analýza modelu VAR - vektorová autoregresná analýza.

Saved in:
Bibliographic Details
Main Author: Rusek, Antonín
Format: Book Chapter
Language:Czech
Subjects:
Tags: Add Tag
No Tags, Be the first to tag this record!

MARC

LEADER 00000naa a2200000 4500
001 r013380
005 20221205080228.3
041 0 |a cze 
044 |a CZ 
245 1 0 |a Makroekonomická politika a hospodářská dynamika v bývalém Československu.  |c Antonín Rusek 
520 |a Vzťah medzi makroekonomickou politikou, infláciou a dynamikou hospodárskej aktivity v priebehu prvej fázy transformácie (január 1991-júl 1992). Analýza modelu VAR - vektorová autoregresná analýza. 
610 2 0 |a politika hospodárska 
610 2 0 |a makroekonomika 
610 2 0 |a objem výroby 
610 2 0 |a inflácia 
610 2 0 |a analýza regresná 
610 2 0 |a modely regresné 
610 2 0 |a VAR 
610 2 0 |a transformácia 
610 2 0 |a 1991-1992 
610 2 0 |a ČSFR 
100 1 |a Rusek, Antonín